[Event "POHÁR města Říčany 2022"]
[Site "Městské kulturní středisko U labutě"]
[Date "2022.08.31"]
[Round "6.24"]
[White "Tejkal, Jiri"]
[Black "Chernyy, Andrey"]
[Result "0-1"]
[WhiteElo "1869"]
[BlackElo "1534"]
[PlyCount "0"]
[EventDate "2022.08.27"]

1. c4 e6 2. Nc3 d5 3. cxd5 exd5 4. d4 Nf6 5. Bf4 c6 6. Nf3 Bd6 7. Bxd6 Qxd6
8. Qc2 O-O 9. h3 Re8 10. e3 Ne4 11. Bd3 Qg6 12. Rg1 f5 13. O-O-O b5 14. g4 b4
15. Na4 Ba6 16. Bxa6 Nxa6 17. Ne5 Qf6 18. f4 Rec8 19. Kb1 Rc7 20. Qe2 Nb8
21. Rc1 Nd7 22. Rc2 Nxe5 23. dxe5 Qe6 24. Nc5 Nxc5 25. Rxc5 Rb8 26. Qd3 fxg4
27. hxg4 b3 28. a3 Rd8 29. Qd4 Rb8 30. f5 Qf7 31. e6 Qf6 32. Qxf6 gxf6 33. g5
fxg5 34. Rxg5+ Rg7 35. Rxg7+ Kxg7 36. Rc1 Kf6 37. Rf1 Rg8 38. Kc1 Rg2 39. Rh1
Re2 40. Rh3 h5 41. Rxh5 Rxe3 42. Kd2 d4 43. Rh7 Kxf5 44. Rxa7 Kxe6 45. a4 Kd5
46. Rd7+ Kc4 47. a5 Rd3+ 48. Ke2 Rh3 49. a6 Rh2+ 50. Kd1 Rxb2 51. a7 Ra2 52. Kc1
c5 0-1

[Event "POHÁR města Říčany 2022"]
[Site "Městské kulturní středisko U labutě"]
[Date "2022.08.31"]
[Round "6.25"]
[White "Yagiz, Bora"]
[Black "Pejrimovsky, Tadeas Rubel"]
[Result "1-0"]
[WhiteElo "2154"]
[BlackElo "1716"]
[PlyCount "0"]
[EventDate "2022.08.27"]

1. e4 c5 2. Nf3 e6 3. d4 cxd4 4. Nxd4 Nf6 5. Nc3 d6 6. g4 a6 7. g5 Nfd7 8. Be3
Nc6 9. h4 Qc7 10. Nxc6 bxc6 11. Qe2 Rb8 12. O-O-O Qb7 13. b3 Be7 14. f4 d5
15. Bg2 Bb4 16. exd5 Bxc3 17. dxc6 Qb4 18. cxd7+ Bxd7 19. Kb1 Bb5 20. Qf2 Rc8
21. Bd4 O-O 22. Bxc3 Qxc3 23. Rh3 Qc7 24. a4 Be8 25. Be4 Rb8 26. Qd4 f5 27. Bg2
Bh5 28. Qd6 Qc8 29. Re1 Bf7 30. Rd3 Rd8 31. Qxd8+ Qxd8 32. Rxd8+ Rxd8 33. Kc1
Kf8 34. Rd1 Rxd1+ 35. Kxd1 Ke7 36. a5 e5 37. fxe5 Ke6 38. Bb7 Kxe5 39. Bxa6 Bd5
40. Bc8 f4 41. a6 f3 42. Bb7 f2 43. Ke2 1-0

[Event "POHÁR města Říčany 2022"]
[Site "Městské kulturní středisko U labutě"]
[Date "2022.08.31"]
[Round "6.26"]
[White "Kovar, Jan"]
[Black "Horinek, Karel"]
[Result "0-1"]
[WhiteElo "1798"]
[BlackElo "1946"]
[PlyCount "0"]
[EventDate "2022.08.27"]

1. e4 e5 2. Nf3 d6 3. d4 exd4 4. Nxd4 Nf6 5. Nc3 Be7 6. Bc4 Nbd7 7. O-O a6
8. a4 O-O 9. Nf5 Ne5 10. Nxe7+ Qxe7 11. Ba2 Bg4 12. f3 Be6 13. Bg5 h6 14. Bh4
Ng6 15. Bf2 c6 16. Re1 Rfd8 17. Qe2 Bxa2 18. Rxa2 b5 19. axb5 axb5 20. Rea1 Rxa2
21. Rxa2 b4 22. Ra7 Qe6 23. Na4 b3 24. c3 Rb8 25. Kf1 c5 26. Ra6 Nf4 27. Qd2
Qc4+ 0-1

[Event "POHÁR města Říčany 2022"]
[Site "Městské kulturní středisko U labutě"]
[Date "2022.08.31"]
[Round "6.27"]
[White "Vavrinec, Tomas"]
[Black "Hosova, Sandra"]
[Result "1-0"]
[WhiteElo "1911"]
[BlackElo "1708"]
[PlyCount "0"]
[EventDate "2022.08.27"]

1. c4 e5 2. Nc3 Nc6 3. Nf3 g6 4. g3 Bg7 5. Bg2 d6 6. O-O f5 7. d3 Nf6 8. Rb1 h6
9. b4 O-O 10. b5 Ne7 11. Bb2 g5 12. c5 Rf7 13. a4 a5 14. b6 cxb6 15. cxd6 Ng6
16. Nb5 Ne8 17. Qb3 Bd7 18. Ba3 Bc6 19. Nd2 Ra6 20. Nc4 f4 21. Nc7 Nxc7 22. dxc7
Qxc7 23. Nd6 Nf8 24. Rfc1 Qd7 25. Qxf7+ Qxf7 26. Nxf7 Kxf7 27. Bxc6 bxc6
28. Rxc6 Nd7 29. Rc7 Ke6 30. Rbc1 Bf8 31. R7c6+ Kd5 32. Bxf8 Nxf8 33. Rxh6 Ra8
34. Rxb6 1-0

[Event "POHÁR města Říčany 2022"]
[Site "Městské kulturní středisko U labutě"]
[Date "2022.08.31"]
[Round "6.28"]
[White "Horyna, Josef"]
[Black "Voracek, Zdenek"]
[Result "0-1"]
[WhiteElo "1694"]
[BlackElo "1891"]
[PlyCount "0"]
[EventDate "2022.08.27"]

1. d4 Nf6 2. Bf4 c5 3. c3 e6 4. e3 cxd4 5. exd4 d5 6. Nf3 Be7 7. Bd3 O-O
8. Nbd2 b6 9. Ne5 Bb7 10. Rc1 Nfd7 11. Ndf3 f6 12. Ng5 fxg5 13. Bxh7+ Kxh7
14. Qh5+ Kg8 15. Ng6 Nf6 16. Qh8+ Kf7 17. Nxf8 gxf4 18. O-O Qxf8 19. Qh3 Bc8 0-1

[Event "POHÁR města Říčany 2022"]
[Site "Městské kulturní středisko U labutě"]
[Date "2022.08.31"]
[Round "6.29"]
[White "Jankovsky, Zbynek"]
[Black "Koper, Stefan"]
[Result "0-1"]
[WhiteElo "1552"]
[BlackElo "1823"]
[PlyCount "0"]
[EventDate "2022.08.27"]

1. f4 g6 2. Nf3 Bg7 3. Nc3 d5 4. d4 Nf6 5. e3 Bg4 6. h3 Bxf3 7. Qxf3 e6 8. Bd3
Nc6 9. a3 a6 10. b4 Nd7 11. Ne2 b5 12. c3 Nb6 13. Ra2 f5 14. O-O Ne7 15. Bd2
Nec8 16. Nc1 Nd6 17. Nb3 O-O 18. Nc5 Re8 19. Be1 Ne4 20. Bxe4 dxe4 21. Qd1 Qd5
22. Rff2 Nc4 23. Rfe2 Nxe3 24. Qb3 Qxb3 25. Nxb3 Nc4 26. a4 c6 27. a5 Bf8
28. Bh4 Kf7 29. g4 h6 30. Ra1 Bd6 31. Rf1 Rg8 32. Kg2 Raf8 33. g5 Be7 34. Be1
hxg5 35. fxg5 Ke8 36. h4 Rh8 37. Nc5 Bxc5 38. dxc5 Ke7 39. Bg3 Rd8 40. Rc1 Rd3
41. Be1 e5 42. Bf2 Ke6 43. Rh1 Rh5 44. Ree1 e3 45. Bg1 f4 46. Rh3 Rxc3 47. Kf3
Kf5 48. Re2 e4+ 0-1

[Event "POHÁR města Říčany 2022"]
[Site "Městské kulturní středisko U labutě"]
[Date "2022.08.31"]
[Round "6.30"]
[White "Feierfeil, Jiri"]
[Black "Pressler, Tobias"]
[Result "0-1"]
[WhiteElo "1684"]
[BlackElo "1821"]
[PlyCount "0"]
[EventDate "2022.08.27"]

1. d4 d5 2. g3 Nf6 3. Bg2 g6 4. Nf3 Bg7 5. O-O O-O 6. Nbd2 Nbd7 7. Re1 c5 8. e3
b6 9. c3 Bb7 10. b3 Rc8 11. Bb2 Qc7 12. Rc1 e5 13. dxe5 Nxe5 14. Nxe5 Qxe5
15. Nf3 Qe7 16. Qc2 Rfd8 17. Nd2 Ne4 18. Nxe4 dxe4 19. Red1 f5 20. h4 Qe6
21. Bf1 Kf8 22. Rxd8+ Rxd8 23. Rd1 Rd6 24. Rxd6 Qxd6 25. Be2 Ke7 26. c4 Be5
27. Kf1 Qf6 28. Bxe5 Qxe5 29. Qd2 h6 30. Kg2 g5 31. hxg5 hxg5 32. Qd1 f4 33. Bg4
Bc6 34. gxf4 gxf4 35. exf4 Qxf4 36. Qe2 Kf6 37. Kh3 Kg6 38. Qe3 Kg5 39. Bd1 Bd7+
40. Kg2 Bg4 41. Bc2 Bf3+ 42. Kf1 Kg4 43. Qxf4+ Kxf4 44. Ke1 e3 45. fxe3+ Kxe3
46. Bg6 Be2 47. Bc2 a5 48. a4 Bd3 49. Kd1 Bxc2+ 50. Kxc2 Ke2 51. Kb1 Kd1 52. Ka1
Kc1 53. Ka2 Kc2 54. Ka3 Kb1 55. b4 axb4+ 56. Kb3 Kc1 0-1

[Event "POHÁR města Říčany 2022"]
[Site "Městské kulturní středisko U labutě"]
[Date "2022.08.31"]
[Round "6.31"]
[White "Gacho, Ondrej"]
[Black "Strnad, Michael"]
[Result "1-0"]
[WhiteElo "1517"]
[BlackElo "1818"]
[PlyCount "0"]
[EventDate "2022.08.27"]

1. e4 c5 2. Nf3 g6 3. d4 cxd4 4. Nxd4 Bg7 5. Be3 Nc6 6. Bc4 Nf6 7. Nc3 O-O
8. f3 Qa5 9. Qd2 Qb4 10. Bb3 Nxd4 11. Bxd4 Nxe4 12. Nxe4 Qxd2+ 13. Nxd2 Bxd4
14. O-O-O d6 15. Rhe1 e5 16. Ne4 Bc5 17. Nxd6 Bxd6 18. Rxd6 Re8 19. Rd5 e4
20. Rxe4 Rxe4 21. Rd8+ Kg7 22. fxe4 b6 23. Bd5 Rb8 24. Bc6 1-0

[Event "POHÁR města Říčany 2022"]
[Site "Městské kulturní středisko U labutě"]
[Date "2022.08.31"]
[Round "6.32"]
[White "Havelka, Petr"]
[Black "Sadil, Antonin"]
[Result "1/2-1/2"]
[WhiteElo "1817"]
[BlackElo "1546"]
[PlyCount "0"]
[EventDate "2022.08.27"]

1. d4 c6 2. c4 e6 3. Nf3 d5 4. e3 Nf6 5. Be2 Be7 6. O-O O-O 7. Nc3 c5 8. dxc5
Bxc5 9. cxd5 exd5 10. a3 a6 11. b4 Ba7 12. Bb2 Bf5 13. Rc1 Nc6 14. Na4 Ne4
15. Nd4 Nxd4 16. Bxd4 Bxd4 17. Qxd4 Be6 18. Bf3 b5 19. Nc5 Ng5 20. Be2 Qb6
21. Nxe6 Qxe6 22. Rc5 Rad8 23. Rfc1 Ne4 24. Rc6 Rd6 25. Qb6 Ra8 26. Rxd6 Qxd6
27. Qxd6 Nxd6 28. Rd1 Nc4 29. Rd3 Rd8 30. Kf1 Kf8 31. Bf3 Nb6 32. Ke2 Ke7 33. g3
g6 1/2-1/2

[Event "POHÁR města Říčany 2022"]
[Site "Městské kulturní středisko U labutě"]
[Date "2022.08.31"]
[Round "6.33"]
[White "Popov, Roman"]
[Black "Rerabek, Jaroslav"]
[Result "1-0"]
[WhiteElo "1878"]
[BlackElo "1673"]
[PlyCount "0"]
[EventDate "2022.08.27"]

1. d4 Nf6 2. c4 e5 3. dxe5 Ng4 4. Bf4 Bb4+ 5. Nc3 Nc6 6. Nf3 Qe7 7. Qd5 Bxc3+
8. bxc3 f6 9. exf6 Nxf6 10. Qd3 O-O 11. g3 d6 12. Bg2 Qe4 13. Qxe4 Nxe4 14. Nd4
Nxc3 15. Nxc6 bxc6 16. Bd2 Na4 1-0

[Event "POHÁR města Říčany 2022"]
[Site "Městské kulturní středisko U labutě"]
[Date "2022.08.31"]
[Round "6.34"]
[White "Cabart, Pavel"]
[Black "Meca, Viktor"]
[Result "0-1"]
[WhiteElo "1757"]
[BlackElo "1796"]
[PlyCount "0"]
[EventDate "2022.08.27"]

1. e4 c5 2. Nf3 d6 3. d4 cxd4 4. Nxd4 Nf6 5. Nc3 a6 6. Bg5 h6 7. Bh4 e6 8. f4
Be7 9. Qf3 Qc7 10. O-O-O Nc6 11. Bg3 Bd7 12. Kb1 Nxd4 13. Rxd4 Bc6 14. Qe3 Rc8
15. Rd2 O-O 16. Bd3 b5 17. e5 Nd5 18. Nxd5 Bxd5 19. h4 Qc5 20. Qe2 f5 21. Qh5
Qe3 22. Be1 dxe5 23. fxe5 Qxe5 24. Re2 Qd4 25. Bf2 Qg4 26. Qxg4 fxg4 27. Bd4 Bf6
28. Bxf6 Rxf6 29. Rhe1 Rcf8 30. a4 bxa4 31. Bxa6 Rf2 32. c4 Bxg2 33. Rxe6 Rf1
34. c5 Rxe1+ 35. Rxe1 Rf5 36. Bb5 Rxc5 37. Bxa4 Rh5 38. b4 Rxh4 39. b5 Rh1 0-1

[Event "POHÁR města Říčany 2022"]
[Site "Městské kulturní středisko U labutě"]
[Date "2022.08.31"]
[Round "6.35"]
[White "Glasberger, Roman"]
[Black "Pavlicek, Petr"]
[Result "0-1"]
[WhiteElo "1533"]
[BlackElo "1781"]
[PlyCount "0"]
[EventDate "2022.08.27"]

1. e4 c5 2. Nf3 d6 3. d4 cxd4 4. Nxd4 Nf6 5. Nc3 a6 6. Bg5 e6 7. Be2 Nbd7
8. Qd2 Qc7 9. O-O-O b5 10. a3 Be7 11. f3 O-O 12. Ndxb5 axb5 13. Nxb5 Qc6
14. Nxd6 Ba6 15. Bxa6 Rxa6 16. Bxf6 Bxf6 17. Nc4 Qxc4 18. Qxd7 Rc8 19. Qd3 Qa2
20. c3 Rac6 21. f4 Qa1+ 22. Qb1 Rxc3+ 23. Kd2 Qxb1 24. Rxb1 Rc2+ 25. Kd3 Bxb2
26. e5 R8c3+ 27. Ke4 Re2+ 28. Kd4 Rxa3+ 29. Kc4 Re4+ 30. Kc5 Rc3+ 31. Kb5 Rb3+
32. Kc5 Ba3+ 33. Kc6 Rc4+ 34. Kd7 Rd3+ 0-1

[Event "POHÁR města Říčany 2022"]
[Site "Městské kulturní středisko U labutě"]
[Date "2022.08.31"]
[Round "6.36"]
[White "Pisar, Tomas"]
[Black "Konvalinka, Vladislav"]
[Result "1-0"]
[WhiteElo "1624"]
[BlackElo "1764"]
[PlyCount "0"]
[EventDate "2022.08.27"]

1. d4 d5 2. Nf3 Nf6 3. g3 e6 4. Bg2 c6 5. O-O Nbd7 6. c4 Bd6 7. Nc3 O-O 8. b3
b6 9. Nd2 Bb7 10. e4 Bb4 11. Bb2 dxe4 12. Ndxe4 Rb8 13. a3 Bxc3 14. Bxc3 Nxe4
15. Bxe4 c5 16. Bxb7 Rxb7 17. Qf3 Rc7 18. Rad1 Qa8 19. Qf4 Qc8 20. d5 exd5
21. Rxd5 f6 22. Re1 Rf7 23. Red1 Nf8 24. Rd8 Qe6 25. Rxf8+ Kxf8 26. Rd8+ Qe8
27. Qd6+ Rfe7 28. Rxe8+ Kxe8 29. a4 Rcd7 30. Qc6 Kf7 31. Qf3 Re6 32. Kg2 g6
33. Qf4 Rd3 34. Qc1 Red6 35. Qc2 a5 36. Kf1 Rf3 37. Ke2 Rf5 38. f4 Ke6 39. Qe4+
Kd7 40. g4 Re6 41. Qxe6+ 1-0

[Event "POHÁR města Říčany 2022"]
[Site "Městské kulturní středisko U labutě"]
[Date "2022.08.31"]
[Round "6.37"]
[White "Sboev, Kirill"]
[Black "Petras, Milan"]
[Result "0-1"]
[WhiteElo "1522"]
[BlackElo "1896"]
[PlyCount "0"]
[EventDate "2022.08.27"]

1. d4 Nf6 2. c4 e6 3. Nf3 c5 4. Nc3 d5 5. cxd5 exd5 6. Bg5 Be6 7. e3 Nc6
8. dxc5 Bxc5 9. Be2 O-O 10. O-O Be7 11. a3 a6 12. Qc2 Qd7 13. Rfd1 Rfd8 14. Rac1
Rac8 15. Qb1 Qe8 16. Rd2 h6 17. Bh4 Na5 18. b3 g5 19. Bg3 Bxa3 20. Rcc2 Bb4
21. Qb2 Nc6 22. Rd1 Qe7 23. h3 Ba3 24. Qb1 Bf5 25. Bd3 Bxd3 26. Rxd3 Nb4
27. Rcd2 Nxd3 28. Rxd3 Bd6 29. Nxd5 Nxd5 30. Rxd5 Bxg3 31. Rxd8+ Rxd8 32. fxg3
Qxe3+ 0-1

[Event "POHÁR města Říčany 2022"]
[Site "Městské kulturní středisko U labutě"]
[Date "2022.08.31"]
[Round "6.38"]
[White "Kubicek, Daniel"]
[Black "Kubice, Jakub"]
[Result "0-1"]
[WhiteElo "1364"]
[BlackElo "1750"]
[PlyCount "0"]
[EventDate "2022.08.27"]

1. e4 e5 2. Nf3 Nf6 3. Bc4 Nxe4 4. Nc3 Nxc3 5. dxc3 f6 6. O-O c6 7. Nxe5 d5
8. Qh5+ g6 9. Nxg6 hxg6 10. Qxh8 dxc4 11. Re1+ Kf7 12. Qh7+ Bg7 13. Bh6 Qh8
14. Qxh8 Bxh8 15. Rad1 Nd7 16. Bf4 Bg7 17. Rd4 Nb6 18. Bd6 Be6 19. Ba3 Re8
20. Rde4 f5 21. R4e2 Nd5 22. g3 Bd7 23. f4 Rxe2 24. Rxe2 Bf8 25. Bxf8 Kxf8
26. Kg2 Kf7 27. Kf3 c5 28. Re5 Bc6 29. Kf2 b6 30. h3 Nf6 31. Re3 Be4 32. Re2 Nd5
33. Rd2 Ke6 34. Re2 b5 35. a3 a5 36. Ke1 Kd6 37. Kd2 Kc6 38. Rf2 b4 39. cxb4
cxb4 40. axb4 axb4 41. c3 b3 42. g4 Kd6 43. g5 Nb6 44. h4 Ke6 45. Re2 Na4
46. Kc1 Nc5 47. Kd2 Nd3 48. Ke3 Kf7 49. Rh2 Ne1 50. Kf2 Nc2 51. h5 gxh5 52. Rxh5
Nb4 53. Rh2 Nd5 54. Kg3 Bc2 55. Kf3 Nxc3 56. bxc3 b2 57. Rxc2 b1=Q 58. Re2 Qd3+
59. Re3 Qf1+ 60. Kg3 Qg1+ 61. Kf3 Qg4+ 62. Kf2 Qxf4+ 63. Rf3 Qxg5 64. Ke2 Kf6
65. Kf2 Qd2+ 66. Kg3 Kg5 0-1

[Event "POHÁR města Říčany 2022"]
[Site "Městské kulturní středisko U labutě"]
[Date "2022.08.31"]
[Round "6.39"]
[White "Zabehlicky, Jiri"]
[Black "Pejrimovska, Viola Ruby"]
[Result "1-0"]
[WhiteElo "1429"]
[BlackElo "1626"]
[PlyCount "0"]
[EventDate "2022.08.27"]

1. c4 Nf6 2. Nc3 g6 3. g3 Bg7 4. Bg2 O-O 5. e3 d6 6. Nge2 e5 7. O-O Kh8 8. d4
Nbd7 9. Qc2 h6 10. d5 a5 11. e4 Nc5 12. Be3 b6 13. f3 Nh7 14. Qd2 g5 15. b3 Rg8
16. Kh1 Nf8 17. Rf2 Ng6 18. Nc1 Bf6 19. Nd3 h5 20. Nxc5 bxc5 21. Bf1 Kg7 22. Be2
Kf8 23. Bf1 g4 24. Bg2 h4 25. fxg4 hxg3 26. hxg3 Rh8+ 27. Kg1 Bxg4 28. Raf1 Nf4
29. Bxf4 exf4 30. Qxf4 Qd7 31. Qxf6 Rh7 32. Qg6 Rg7 33. Qh6 Kg8 34. Rf6 Re8
35. Qh4 Rg6 36. Rxg6+ fxg6 37. Qf6 Bh5 38. Kh2 Re7 39. Bh3 Qe8 40. Be6+ Kh7
41. Qf8 Qxf8 42. Rxf8 g5 43. g4 Bg6 44. Kg3 Kg7 45. Rf3 Be8 46. Bf5 Kf6 47. Be6+
Ke5 {D�le je partie ne�iteln�} 1-0

[Event "POHÁR města Říčany 2022"]
[Site "Městské kulturní středisko U labutě"]
[Date "2022.08.31"]
[Round "6.40"]
[White "Mach, Jan"]
[Black "Pechanek, Krystof Jan"]
[Result "1-0"]
[WhiteElo "1737"]
[BlackElo "1556"]
[PlyCount "0"]
[EventDate "2022.08.27"]

1. d4 Nf6 2. c4 d6 3. Nc3 g6 4. e4 Bg7 5. Nf3 O-O 6. Be2 e5 7. O-O exd4 8. Nxd4
Re8 9. Bf3 a5 10. Be3 Nbd7 11. Re1 Nc5 12. Qc2 Qd7 13. Rad1 Rb8 14. Nb3 Nxb3
15. Qxb3 b6 16. c5 Qe7 17. cxd6 cxd6 18. Bf4 Rd8 19. Qa3 Bf8 20. Nb5 Ne8 21. Rd2
Qf6 22. Qe3 Ba6 23. Bg5 Qe5 24. Bxd8 Qxb5 25. Bh4 Bb7 26. e5 d5 27. a3 Bc5
28. Qe2 Qa4 29. Bg5 {vynechane tahy. necitelne} 1-0

[Event "POHÁR města Říčany 2022"]
[Site "Městské kulturní středisko U labutě"]
[Date "2022.09.03"]
[Round "9.1"]
[White "Horak, Martin"]
[Black "Vojta, Jakub"]
[Result "0-1"]
[WhiteElo "2238"]
[BlackElo "2313"]
[PlyCount "0"]
[EventDate "2022.08.27"]

1. d4 e6 2. c4 Nf6 3. Nf3 Bb4+ 4. Bd2 Qe7 5. e3 b6 6. Bd3 Bb7 7. O-O Bxd2
8. Nbxd2 c5 9. e4 d6 10. e5 Nfd7 11. Ne4 dxe5 12. dxe5 O-O 13. Qd2 f5 14. exf6
gxf6 15. Rfe1 Kh8 16. Qf4 Rg8 17. Rad1 Na6 18. Bf1 Raf8 19. Qd6 Rg7 20. Re3 Nb4
21. a3 Nc6 22. Qxe7 Rxe7 23. Nd6 Bc8 24. g3 Nde5 25. Nxe5 Nxe5 26. Rde1 Bd7
27. Bg2 Ng4 28. R3e2 e5 29. h3 Nh6 30. f4 Rg7 31. fxe5 fxe5 32. g4 Rg6 33. Nb5
Bxb5 34. cxb5 Nf7 35. Rf1 Kg7 36. Ref2 Rd6 37. Be4 Rdd8 38. h4 h6 39. Rf6 Rd6
40. R6f5 Rd4 41. Bf3 Rf4 42. Be2 Rxf1+ 43. Bxf1 Rd8 44. Kf2 Rd2+ 45. Ke3 Rxb2
46. g5 hxg5 47. hxg5 Rb3+ 48. Kd2 Rxa3 49. Bd3 c4 50. Be4 Rg3 51. Kc2 Nd6
52. Rxe5 Re3 53. Re7+ Kf8 54. Rxa7 Rxe4 55. Ra6 0-1

[Event "POHÁR města Říčany 2022"]
[Site "Městské kulturní středisko U labutě"]
[Date "2022.09.03"]
[Round "9.2"]
[White "Matras, Ondrej"]
[Black "Novotny, Michal"]
[Result "1-0"]
[WhiteElo "2184"]
[BlackElo "2241"]
[PlyCount "0"]
[EventDate "2022.08.27"]

1. d4 Nf6 2. c4 c5 3. d5 b5 4. cxb5 a6 5. bxa6 e6 6. Nc3 exd5 7. Nxd5 Be7 8. g3
Nxd5 9. Qxd5 Rxa6 10. Nf3 Nc6 11. Bg2 Nb4 12. Qd1 Nxa2 13. Bd2 O-O 14. O-O d5
15. Qb1 Nb4 16. Bxb4 cxb4 17. Nd4 Rf6 18. Qa2 Bc5 19. e3 Qb6 20. Rfd1 Bg4
21. Rd2 b3 22. Qa4 Rd8 23. Rd3 h5 24. Qxb3 Bxd4 25. exd4 Be2 26. Qxb6 Rxb6
27. Rd2 Bc4 28. Bf1 Bb3 29. h4 Rb4 30. Ra5 g6 31. Rb5 Rxb5 32. Bxb5 Rc8 33. Kg2
Rc1 34. Rd3 Ba2 35. Ra3 Bb1 36. Bd3 Bxd3 37. Rxd3 Rc2 38. Rb3 Rc4 39. Rd3 Rc2
40. b3 Kf8 41. Kf3 Ke7 42. Ke3 Kd6 43. f3 Ke6 44. Kf4 Kf6 45. g4 Rh2 46. Kg3 Rc2
47. Kf4 Rh2 48. Rc3 hxg4 49. Rc6+ Ke7 50. fxg4 Rxh4 51. Ke5 Rxg4 1-0

[Event "POHÁR města Říčany 2022"]
[Site "Městské kulturní středisko U labutě"]
[Date "2022.09.03"]
[Round "9.3"]
[White "Sedy, Pavel"]
[Black "Soural, Jan"]
[Result "0-1"]
[WhiteElo "2177"]
[BlackElo "2144"]
[PlyCount "0"]
[EventDate "2022.08.27"]

1. e4 c5 2. Nf3 Nc6 3. d4 cxd4 4. Nxd4 g6 5. c4 Bg7 6. Be2 Nf6 7. Nc3 d6 8. Be3
O-O 9. O-O Bd7 10. f4 Nxd4 11. Bxd4 Bc6 12. Bf3 Nd7 13. Bxg7 Kxg7 14. Qd4+ f6
15. Rad1 Qb6 16. Rf2 Qxd4 17. Rxd4 a5 18. Bg4 Nc5 19. Re2 Rad8 20. g3 e5
21. Rdd2 Rfe8 22. f5 h5 23. Bf3 gxf5 24. Bxh5 Rh8 25. Bf3 Ne6 26. Bg2 f4 27. Nd5
Nd4 28. Rf2 fxg3 29. hxg3 Bxd5 30. exd5 a4 31. Be4 Rc8 32. Bd3 Rh3 33. Bf1 Rxg3+
34. Kh2 Rg5 35. Rd1 f5 36. b4 f4 37. Rxd4 Rh8+ 38. Bh3 Rg3 39. Rg2 Rxh3+ 40. Kg1
Rxg2+ 41. Kxg2 Rg3+ 0-1

[Event "POHÁR města Říčany 2022"]
[Site "Městské kulturní středisko U labutě"]
[Date "2022.09.03"]
[Round "9.4"]
[White "Novak, Jindrich"]
[Black "Jun, Rudolf"]
[Result "0-1"]
[WhiteElo "2093"]
[BlackElo "2165"]
[PlyCount "0"]
[EventDate "2022.08.27"]

1. d4 Nf6 2. Nf3 e6 3. Bg5 d5 4. c4 Be7 5. e3 O-O 6. Nc3 b6 7. Bd3 Bb7 8. O-O
dxc4 9. Bxc4 Ne4 10. Nxe4 Bxe4 11. Bxe7 Qxe7 12. Bd3 Bxd3 13. Qxd3 Nd7 14. Rac1
c5 15. Rfd1 Rfd8 16. Qa3 Qf6 17. Qc3 h6 18. dxc5 Qxc3 19. Rxc3 Nxc5 20. Rb1 Na4
21. Rc2 Rac8 22. Re2 f6 23. g3 e5 24. Kg2 b5 25. a3 Kf7 26. Ne1 a5 27. Ra1 Ke6
28. b3 Nc5 29. b4 Nb3 30. Rb1 a4 31. h4 Rc3 32. Rc2 Rxc2 33. Nxc2 Rd2 34. Na1
Rd3 35. Nxb3 axb3 36. e4 f5 37. f3 Rd2+ 38. Kh3 b2 39. h5 Kf6 40. Re1 Rc2
41. Rb1 Kg5 42. f4+ exf4 43. e5 f3 44. a4 bxa4 45. b5 a3 46. b6 0-1

[Event "POHÁR města Říčany 2022"]
[Site "Městské kulturní středisko U labutě"]
[Date "2022.09.03"]
[Round "9.5"]
[White "Ocelak, Jakub"]
[Black "Novotny, Martin"]
[Result "1-0"]
[WhiteElo "2149"]
[BlackElo "2064"]
[PlyCount "0"]
[EventDate "2022.08.27"]

1. c4 e5 2. Nc3 Nf6 3. Nf3 Nc6 4. e3 d5 5. cxd5 Nxd5 6. e4 Ndb4 7. d3 Bg4 8. a3
Na6 9. b4 Nd4 10. Be2 Bxf3 11. Bxf3 c6 12. O-O Nc7 13. Bg4 h5 14. Bh3 g5 15. Bf5
Nce6 16. Be3 Be7 17. Bxe6 fxe6 18. Bxd4 exd4 19. Ne2 Qd7 20. Rc1 O-O-O 21. Rc4
e5 22. Ng3 Kb8 23. Nf5 g4 24. f3 gxf3 25. Qxf3 Bg5 26. Rc5 Bf4 27. g3 Be3+
28. Kh1 h4 29. Rxe5 hxg3 30. Qxg3 Qc7 31. Re7 Qxg3 32. Nxg3 Rdg8 33. Kg2 Rg5
34. a4 c5 35. Rff7 cxb4 36. Rxb7+ Ka8 37. Rxa7+ Kb8 38. Rab7+ Ka8 39. Ra7+ Kb8
40. Rfb7+ Kc8 41. Rxb4 Rh6 42. Rb5 Rg4 43. Rf5 Kb8 44. Re7 Rg8 45. Rff7 Rgg6
46. Rb7+ Ka8 47. Rb5 Rg8 48. Rd7 Rgg6 49. Rc5 Rg8 50. Rdd5 Bf4 51. Ra5+ Kb7
52. Rdb5+ Rb6 53. Rxb6+ Kxb6 54. Rb5+ Kc6 55. Kf3 Be3 56. Nf5 Rh8 57. h4 Bg1 1-0

[Event "POHÁR města Říčany 2022"]
[Site "Městské kulturní středisko U labutě"]
[Date "2022.09.03"]
[Round "9.6"]
[White "Dudek, Vojtech"]
[Black "Krizek, Krystof"]
[Result "1/2-1/2"]
[WhiteElo "2144"]
[BlackElo "1961"]
[PlyCount "0"]
[EventDate "2022.08.27"]

1. e4 e5 2. Nc3 Nf6 3. Bc4 Nxe4 4. Qh5 Nd6 5. Qxe5+ Qe7 6. Qxe7+ Bxe7 7. Be2 c6
8. Nf3 Nf5 9. g4 Nh4 10. Nxh4 Bxh4 11. Ne4 Be7 12. d4 d5 13. Ng3 O-O 14. Bf4 Be6
15. O-O-O Nd7 16. h4 c5 17. dxc5 Nxc5 18. f3 Rfd8 19. Be5 Bd6 20. Bxd6 Rxd6
21. Rd4 Rad8 22. Rhd1 b6 23. f4 Bc8 24. f5 Bb7 25. Bf3 Nd7 26. Bxd5 Ne5 27. c4
Nxc4 28. Rxc4 Bxd5 29. Rcd4 R6d7 30. Ne4 Bc6 31. Rxd7 Rxd7 32. Rxd7 Bxd7 33. Kd2
h5 34. Ke3 hxg4 35. Kf4 g6 36. Kxg4 Kf8 37. Kf4 Ke7 38. Ng3 Be8 39. Ke4 Kd6
1/2-1/2

[Event "POHÁR města Říčany 2022"]
[Site "Městské kulturní středisko U labutě"]
[Date "2022.09.03"]
[Round "9.7"]
[White "Siles, Jan"]
[Black "Plasil, Petr"]
[Result "1-0"]
[WhiteElo "1780"]
[BlackElo "1963"]
[PlyCount "0"]
[EventDate "2022.08.27"]

1. d4 Nf6 2. Nf3 g6 3. c4 Bg7 4. Nc3 d5 5. cxd5 Nxd5 6. e4 Nxc3 7. bxc3 c5
8. Be3 O-O 9. Be2 Nc6 10. O-O cxd4 11. cxd4 Bg4 12. d5 Ne5 13. Nd4 Bxe2 14. Qxe2
Qd7 15. Rac1 Rac8 16. Rfd1 Ng4 17. Ne6 Rxc1 18. Rxc1 Rc8 19. Rxc8+ Qxc8 20. Qxg4
Bd4 21. h4 Bxe3 22. fxe3 fxe6 23. h5 Qc1+ 24. Kh2 Qxe3 25. Qxe6+ Kf8 26. Qc8+
Kf7 27. Qe6+ Kf8 28. Qe5 g5 29. Qh8+ Kf7 30. Qxh7+ Kf8 31. Qf5+ Kg7 32. Qe5+ Kf7
33. h6 Kg6 34. h7 Kxh7 35. Qxe7+ Kg6 36. Qe6+ Kg7 37. Qe5+ Kh7 38. d6 Qd2
39. Qf5+ Kg7 40. e5 Kh6 41. d7 Qe2 1-0